[Event "GER-chT DLM U20"]
[Site "Wismar"]
[Date "2009.09.30"]
[Round "1"]
[White "Hoegy, Kevin"]
[Black "Kesten, Sebastian"]
[Result "0-1"]
[WhiteElo "2145"]
[BlackElo "2130"]
[PlyCount "96"]
[EventDate "2009.09.30"]
[EventType "team-swiss"]
[EventRounds "7"]
[EventCountry "GER"]
[SourceTitle "CBM 132 Extra"]
[Source "ChessBase"]
[SourceDate "2009.11.03"]
[SourceVersion "1"]
[SourceVersionDate "2009.11.03"]
[SourceQuality "1"]
[WhiteTeam "Hessen U20"]
[BlackTeam "Mecklenburg-Vorpommern U20"]
[WhiteTeamCountry "GER"]
[BlackTeamCountry "GER"]

1. d4 Nf6 2. Nf3 g6 3. b3 Bg7 4. Bb2 d6 5. g3 0-0 6. Bg2 c6 7. 0-0 Qc7 8. c4 Re8 9. Nc3 e5 10. dxe5 dxe5 11. e4 Nbd7 12. Qc2 a5 13. Na4 b6 14. Rad1 Bf8 15. Rfe1 Nc5 16. Nxc5 Bxc5 17. h3 Nd7 18. Qc1 Kg7 19. Qg5 f6 20. Qh4 Nf8 21. a4 g5 22. Qh5 Qf7 23. Qxf7+ Kxf7 24. Kf1 Ba6 25. Kg1 Ke7 26. Bf1 Rad8 27. Be2 Bb4 28. Rxd8 Rxd8 29. Rd1 Ne6 30. Rxd8 Kxd8 31. Bd3 Nc5 32. Bc2 b5 33. cxb5 cxb5 34. axb5 Bxb5 35. Bc1 Bc6 36. Nd2 Bd7 37. Nc4 Bxh3 38. Be3 Nd7 39. f3 Be6 40. g4 a4 41. Nd2 a3 42. Bb1 Bxd2 43. Bxd2 Bxb3 44. Ba5+ Ke8 45. Bc3 a2 46. Bd3 Nc5 47. Bb5+ Kf7 48. Kf2 Be6 0-1